Ч. 2; История русской метафизики в XIX-XX веках; Русская философия в поисках абсолюта

Xehetasun bibliografikoak
Parent link:Евлампиев, Игорь Иванович. История русской метафизики в XIX-XX веках.— , 2000-
Русская философия в поисках абсолюта/ И. И. Евлампиев. Ч. 2
Hizkuntza:errusiera
Argitaratua: 2000
Gaiak:
Formatua: Liburua
KOHA link:https://koha.lib.tpu.ru/cgi-bin/koha/opac-detail.pl?biblionumber=39637

MARC

LEADER 00000nam2a2200000 4500
001 39637
005 20231101210553.0
010 |a 5893292863 
035 |a (RuTPU)RU\TPU\book\40510 
090 |a 39637 
100 |a 20020410d2000 m y0rusy50 ca 
101 0 |a rus 
102 |a RU 
105 |a y z 000zy 
200 0 |a Ч. 2 
210 |d 2000 
215 |a 413 с. 
461 1 |0 (RuTPU)RU\TPU\book\41038  |t История русской метафизики в XIX-XX веках  |d 2000-  |s Федеральная программа книгоиздания России  |a Евлампиев, Игорь Иванович 
461 |t Русская философия в поисках абсолюта  |f И. И. Евлампиев  |v Ч. 2 
600 1 |a Флоренский  |g Павел Александрович  |b П. А.  |c российский учёный  |c религиозный философ  |c богослов  |f 1882-1937  |2 stltpush  |3 (RuTPU)RU\TPU\pers\921 
600 1 |a Булгаков  |b С. Н.  |c русский богослов, философ, экономист, священник  |f 1871-1944  |g Сергей Николаевич  |2 stltpui  |3 (RuTPU)RU\TPU\pers\1216  |9 540 
600 1 |a Ильин  |g Иван Александрович  |f 1882-1954  |c русский религиозный философ  |2 stltpui  |3 (RuTPU)RU\TPU\pers\1220 
600 1 |a Франк  |g Семен Людвигович  |c русский религиозный философ  |f 1877-1950  |b С. Л.  |2 stltpui  |3 (RuTPU)RU\TPU\pers\1154 
600 1 |a Карсавин  |g Лев Платонович  |c российский религиозный философ  |c историк-медиевист  |f 1882 - 1952  |b Л. П.  |2 stltpui  |3 (RuTPU)RU\TPU\pers\1221 
606 1 |a Русская философия  |x история  |z 20 в.  |2 stltpush  |3 (RuTPU)RU\TPU\subj\67507  |9 83282 
610 1 |a философия 
610 1 |a история 
610 1 |a 19 век 
610 1 |a 20 век 
610 1 |a метафизика 
610 1 |a абсолют 
610 1 |a абсолютное бытие 
610 1 |a восполнение несовершенства 
610 1 |a религиозная философия 
686 |a Ю3(2)6  |v LBC/SL-A  |2 rubbk 
801 1 |a RU  |b 63413507  |c 20020410  |g PSBO 
801 2 |a RU  |b 63413507  |c 20220603  |g PSBO 
942 |c BK